000 00635cam a22002411 4500
001 sa 63000933
003 DLC
005 20260227111924.0
008 890619s1962 ii b 000 0 urdr
010 _asa 63000933
035 _a(OCoLC)19894451
040 _aDLC
_cWaU
_dDLC
042 _apremarc
043 _aa-ii---
050 0 0 _aPK2167
_b.N3
100 1 _aNarang, Gopi Chand,
_d1931-
245 1 0 _aHindustānī qisson̲ se maʼkhūz̲ Urdū masnaviyān̲.
260 _c[1962]
300 _a384 p.
_c19 cm.
500 _aIn Urdu.
504 _aBibliography: p. 363-379.
650 0 _aUrdu poetry
_xHistory and criticism.
999 _c53712
_d53712